| 000 | 00802nam a2200241 a 4500 | ||
|---|---|---|---|
| 001 | BRCA_818 | ||
| 005 | 20190320203149.0 | ||
| 008 | 890323r1989 nyua---##b---#001-0#eng-# | ||
| 020 | _a0517690950 | ||
| 040 |
_aDLC _cDLC _dDLC |
||
| 050 | 4 |
_aNK5198.L3 _b.P47 1989 |
|
| 100 | 1 |
_aPercy, Christopher Vane _92721 |
|
| 245 | 1 | 0 |
_aLalique _bA Collector´s Guide _cChristopher Vane Percy. |
| 260 |
_aNueva York _bCrescent Books : Crown _c1989 |
||
| 300 |
_a192 p. _bil. (algunas a color) _c31 cm. |
||
| 500 | _aIncluye índice alfabético, glosario y lista de ilustraciones | ||
| 504 | _aBibliografía: p. 187 | ||
| 600 | 1 | 4 |
_aLalique, René _d1860-1945 _92722 |
| 610 | 2 | 4 |
_aRené Lalique et cie. _92723 |
| 650 | 1 | 4 |
_aCristalería _xHistoria _ySiglos XIX y XX _zFrancia _92724 |
| 653 | 0 | _aVidrio | |
| 942 |
_2lcc _cB |
||
| 999 |
_c713 _d713 |
||